Zagrzeb - quiz wielokrotnego wyboru - Statystyki

Ogólne statystyki
  • Ten quiz został rozwiązany 407 razy
  • Średni wynik to 6 z 10
Statystyki odpowiedzi
Zagadnienie Odpowiedź % Poprawnych
Jaka jest najpopularniejsza religia w Zagrzebiu? Chrześcijaństwo
95%
Który słynny wynalazca urodził się niedaleko Zagrzebia? Nikola Tesla
91%
Do którego z tych państw Zagrzeb NIGDY nie należał? ZSRR
90%
W którym przedziale populacji znajduje się Zagrzeb? 500 000 - 1 000 000
66%
Zagrzeb jest nazywany Miastem ..... (pewnych zwierząt - jakich?) Kotów
64%
Nad jaką rzeką leży Zagrzeb? Sawa
54%
Które z tych państw leży najbliżej Zagrzebia? Słowenia
47%
Jak nazywa się system komunikacji tramwajowej w Zagrzebiu? ZET
42%
Które z tych wydarzeń kulturalnych odbywa się w Zagrzebiu? INmusic Festival
36%
Jak nazywa się charakterystyczna katedra Zagrzebia? Katedra Wniebowzięcia Najświętszej Maryi Panny
25%
Nie znaleziono quizów pasujących do podanych kryteriów
Rozkład punktacji
Procent ludzi z każdym wynikiem
Percentyl według liczby udzielonych odpowiedzi
Twoja historia wyników
Nie rozwiązałeś tego quizu